MARC details
| 000 -BAŞLIK |
| Sabit Uzunluktaki Kontrol Alanı |
02412nam a22006137a 4500 |
| 001 - KONTROL NUMARASI |
| Control Dosyası |
0065779 |
| 003 - KONTROL NUMARASI KİMLİĞİ |
| Kontrol Alanı |
KOHA_MİRAKIL |
| 005 - EN SON İŞLEM TARİHİ ve ZAMANI |
| Kontrol Alanı |
20260207004613.0 |
| 007 - FİZİKSEL TANIM SABİT ALAN - GENEL BİLGİ |
| Sabit uzunluklu kontrol alanı |
ta |
| 008 - SABİT UZUNLUKTAKİ VERİ ÖGELERİ - GENEL BİLGİ |
| Sabit Alan |
200819b2014 tu a|||gr||||#0|||0|tur | |
| 020 ## - ISBN - ULUSLARARASI STANDART KİTAP NUMARASI |
| Isbn |
9786059962056 |
| 040 ## - KATALOGLAMA KAYNAĞI |
| Özgün Kataloglama Kurumu |
TR-BiSEU |
| Kataloglama Dili |
tur |
| Çeviri Kurumu |
TR-BiSEU |
| Açıklama Kuralları |
rda |
| 041 0# - DİL KODU |
| Metin ya da ses kaydının dil kodu |
tur |
| 044 ## - YAYINLAYAN/ÜRETEN KURULUŞUN ÜLKE KODU |
| ISO country code |
tu |
| 050 ## - SINIFLAMA ve YER NUMARASI |
| Sınıflama Numarası |
DR605.G85 |
| Yer Numarası |
A53 2014 |
| 100 1# - KİŞİ ADI |
| Yazar Adı (Kişi adı) |
Gül, Abdullah. |
| 245 1# - ESER ADI BİLDİRİMİ |
| Başlık |
Global perspektif : |
| Alt Eseradı vb. |
yurtdışı basın mülakatları/ |
| Sorumluluk Bildirimi |
Abdullah Gül ; Abdullah Gül ; editoryal çalışma Yusuf S. Müftüoğlu ; katkıda bulunanlar Ayşe Yılmaz, Kemal İlter, Hakan Çopur. |
| 250 ## - BASIM BİLDİRİMİ |
| Basım Bildirimi |
Birinci Baskı: 2014. |
| 264 #1 - ÜRERİM, YAYIN, DAĞITIM ve TELİF BİLDİRİMİ |
| Yayın yeri |
: |
| Yayınlayan |
|
| Yayın tarihi |
2014 |
| 300 ## - FİZİKSEL TANIMLAMA |
| Sayfa, Cilt vb. |
351 sayfa : |
| Diğer fiziki detaylar |
resimli ; |
| Boyutları |
24 cm. |
| 336 ## - İÇERİK TÜRÜ |
| Content type term |
metin |
| Content type code |
txt |
| Source |
rdacontent |
| 337 ## - MEDYA TÜRÜ |
| Media type term |
aracısız |
| Media type code |
n |
| Source |
rdamedia |
| 338 ## - TAŞIYICI TÜRÜ |
| Carrier type term |
cilt |
| Carrier type code |
nc |
| Source |
rdacarrier |
| 490 0# - DİZİ BİLDİRİMİ |
| Dizi Bildirimi |
Cumhurbaşkanlığı Yayınları |
| 500 ## - GENEL NOT |
| Genel Not |
Kaynakça var. |
| 650 #0 - KONU BAŞLIĞI EK GİRİŞ - KONU TERİMİ |
| Konusal terim veya coğrafi ad |
Cumhurbaşkanları Türkiye. |
| 9 (RLIN) |
123416 |
| 650 #0 - KONU BAŞLIĞI EK GİRİŞ - KONU TERİMİ |
| Konusal terim veya coğrafi ad |
Dünya politikası 1989- |
| 9 (RLIN) |
7223 |
| 650 #0 - KONU BAŞLIĞI EK GİRİŞ - KONU TERİMİ |
| Konusal terim veya coğrafi ad |
İslam ve dünya politikası. |
| 9 (RLIN) |
123417 |
| 650 #0 - KONU BAŞLIĞI EK GİRİŞ - KONU TERİMİ |
| Konusal terim veya coğrafi ad |
Türkiye Milli güvenlik. |
| 9 (RLIN) |
123418 |
| 650 #0 - KONU BAŞLIĞI EK GİRİŞ - KONU TERİMİ |
| Konusal terim veya coğrafi ad |
Konuşmalar, söylevler, vb, Türk. |
| 9 (RLIN) |
123419 |
| 650 #0 - KONU BAŞLIĞI EK GİRİŞ - KONU TERİMİ |
| Konusal terim veya coğrafi ad |
Türkiye Dış ilişkiler 21. yüzyıl. |
| 9 (RLIN) |
123420 |
| 650 #0 - KONU BAŞLIĞI EK GİRİŞ - KONU TERİMİ |
| Konusal terim veya coğrafi ad |
Türkiye Siyaset ve hükümet 21. yüzyıl. |
| 9 (RLIN) |
123421 |
| 650 #0 - KONU BAŞLIĞI EK GİRİŞ - KONU TERİMİ |
| Konusal terim veya coğrafi ad |
Türkiye Stratejik yönleri. |
| 9 (RLIN) |
123422 |
| 650 #0 - KONU BAŞLIĞI EK GİRİŞ - KONU TERİMİ |
| Konusal terim veya coğrafi ad |
Türkiye Dış ilişkiler Ortadoğu. |
| 9 (RLIN) |
123423 |
| 650 #0 - KONU BAŞLIĞI EK GİRİŞ - KONU TERİMİ |
| Konusal terim veya coğrafi ad |
Orta Doğu Dış ilişkiler Türkiye. |
| 9 (RLIN) |
123424 |
| 650 #0 - KONU BAŞLIĞI EK GİRİŞ - KONU TERİMİ |
| Konusal terim veya coğrafi ad |
Türkiye Dış ilişkiler Avrasya. |
| 9 (RLIN) |
123425 |
| 650 #0 - KONU BAŞLIĞI EK GİRİŞ - KONU TERİMİ |
| Konusal terim veya coğrafi ad |
Avrasya Dış ilişkiler Türkiye. |
| 9 (RLIN) |
123426 |
| 650 #0 - KONU BAŞLIĞI EK GİRİŞ - KONU TERİMİ |
| Konusal terim veya coğrafi ad |
Geopolitics Turkey. |
| 9 (RLIN) |
123427 |
| 650 #0 - KONU BAŞLIĞI EK GİRİŞ - KONU TERİMİ |
| Konusal terim veya coğrafi ad |
Presidents Turkey. |
| 9 (RLIN) |
123428 |
| 650 #0 - KONU BAŞLIĞI EK GİRİŞ - KONU TERİMİ |
| Konusal terim veya coğrafi ad |
World politics 1989- |
| 9 (RLIN) |
7224 |
| 650 #0 - KONU BAŞLIĞI EK GİRİŞ - KONU TERİMİ |
| Konusal terim veya coğrafi ad |
Islam and world politics. |
| 9 (RLIN) |
9849 |
| 650 #0 - KONU BAŞLIĞI EK GİRİŞ - KONU TERİMİ |
| Konusal terim veya coğrafi ad |
Turkey National security. |
| 9 (RLIN) |
123429 |
| 650 #0 - KONU BAŞLIĞI EK GİRİŞ - KONU TERİMİ |
| Konusal terim veya coğrafi ad |
Speeches, addresses, etc., Turkish. |
| 9 (RLIN) |
84895 |
| 650 #0 - KONU BAŞLIĞI EK GİRİŞ - KONU TERİMİ |
| Konusal terim veya coğrafi ad |
Turkey Foreign relations 21st century. |
| 9 (RLIN) |
123430 |
| 650 #0 - KONU BAŞLIĞI EK GİRİŞ - KONU TERİMİ |
| Konusal terim veya coğrafi ad |
Turkey Politics and government 21st century. |
| 9 (RLIN) |
123431 |
| 650 #0 - KONU BAŞLIĞI EK GİRİŞ - KONU TERİMİ |
| Konusal terim veya coğrafi ad |
Turkey Strategic aspects. |
| 9 (RLIN) |
123432 |
| 650 #0 - KONU BAŞLIĞI EK GİRİŞ - KONU TERİMİ |
| Konusal terim veya coğrafi ad |
Turkey Foreign relations Middle East. |
| 9 (RLIN) |
123433 |
| 650 #0 - KONU BAŞLIĞI EK GİRİŞ - KONU TERİMİ |
| Konusal terim veya coğrafi ad |
Middle East Foreign relations Turkey. |
| 9 (RLIN) |
123434 |
| 650 #0 - KONU BAŞLIĞI EK GİRİŞ - KONU TERİMİ |
| Konusal terim veya coğrafi ad |
Turkey Foreign relations Eurasia. |
| 9 (RLIN) |
123435 |
| 650 #0 - KONU BAŞLIĞI EK GİRİŞ - KONU TERİMİ |
| Konusal terim veya coğrafi ad |
Eurasia Foreign relations Turkey. |
| 9 (RLIN) |
123436 |
| 830 0# - SERİ EK GİRİŞİ - TEKBİÇİM ESER ADI |
| Tekbiçim Başlık |
Cumhurbaşkanlığı Yayınları |
| 9 (RLIN) |
123412 |
| 907 ## - LOCAL DATA ELEMENT G, LDG (RLIN) |
| a |
Tarih |
| 942 ## - EK GİRİŞ ÖGELERİ (KOHA) |
| Source of classification or shelving scheme |
Library of Congress Classification |
| Koha item type |
Book |